Monopolistic competition and macroeconomic theory / (Record no. 14359)

000 -LEADER
fixed length control field 00631cam a2200193 a 4500
020 ## - INTERNATIONAL STANDARD BOOK NUMBER
ISBN 0521623383 (cased)
020 ## - INTERNATIONAL STANDARD BOOK NUMBER
ISBN 0521626161 (pbk)
040 ## - CATALOGING SOURCE
Transcribing agency Uk
082 ## - DEWEY DECIMAL CLASSIFICATION NUMBER
Classification number 339 CAM 1998 A065 Or.
100 1# - MAIN ENTRY--AUTHOR NAME
Personal name Solow, Robert M.
245 10 - TITLE STATEMENT
Title Monopolistic competition and macroeconomic theory /
260 ## - PUBLICATION, DISTRIBUTION, ETC. (IMPRINT)
Place of publication Cambridge ;
-- New York :
Name of publisher Cambridge University Press,
Year of publication 1998.
300 ## - PHYSICAL DESCRIPTION
Number of Pages 78 p. :
Other physical details ill. ;
Dimensions 22 cm.
650 #0 - SUBJECT ADDED ENTRY--TOPICAL TERM
Topical Term Monopolistic competition
650 #0 - SUBJECT ADDED ENTRY--TOPICAL TERM
Topical Term Macroeconomics
856 42 - ELECTRONIC LOCATION AND ACCESS
Uniform Resource Identifier http://www.loc.gov/catdir/description/cam0210/99191733.html
856 41 - ELECTRONIC LOCATION AND ACCESS
Uniform Resource Identifier http://www.loc.gov/catdir/toc/cam022/99191733.html
942 ## - ADDED ENTRY ELEMENTS (KOHA)
Koha item type សៀវភៅភាសាអង់គ្លេស
952 ## - LOCATION AND ITEM INFORMATION (KOHA)
Withdrawn status [LOCAL, KOHA] 0
Holdings
Permanent Location Date acquired Koha item type Lost status Shelving location Barcode Current Location Full call number
Library Block A2017-10-13សៀវភៅភាសាអង់គ្លេស A065A16671Library Block A339 CAM 1998 A065 Or.
មជ្ឈមណ្ឌលឯការនៃសាកលវិទ្យាល័យភូមិន្ទកសិកម្មចំការដូង

Powered by Koha